| 000 | 00740nam a2200253Ia 4500 | ||
|---|---|---|---|
| 003 | OSt | ||
| 005 | 20221005070302.0 | ||
| 006 | a|||||r|||| 00| 0 | ||
| 007 | ta | ||
| 008 | 221004b |||||||| |||| 00| 0 eng d | ||
| 024 | _a2041 | ||
| 037 |
_bGift, 24/01/2013, _cTextual |
||
| 040 |
_aCRL _cCRL _beng |
||
| 041 |
_2eng _aeng |
||
| 082 | _aV2:72(P15)'D, 15P6 | ||
| 100 |
_aSundaram J Ed. _9605553 |
||
| 245 | 0 | _aUttankita Sanskrit vidya aranya epigraphs | |
| 260 |
_aMysore _bUttankita Vidya Aranya Trust India _c2006 |
||
| 300 |
_alxxii,772p. _ccm. |
||
| 490 | _vVol. IV, Part I | ||
| 650 | _aHISTORY | ||
| 942 |
_hV2:72(P15)'D, 15P6 _cTEXL _2cc |
||
| 999 |
_c975986 _d975986 |
||